Responses for Show #9027 - Tuesday, January 30, 2024

2024 Champions Wildcard Group 1 semifinal game 2.

Contestants

[<< previous game]

Robbi Ramirez, a writer from Orlando, Florida

Alec Chao, a management and program analyst originally from Fort Lauderdale, Florida

Juveria Zaheer, a psychiatrist from Whitby, Ontario, Canada

[next game >>]

Jeopardy! Round responses

VAN HALEN
HOT FOR CREATURE
COLLEGES & UNIVERSITIES
CHAINS
4-LETTER INTERJECTIONS
HARLEM HELLFIGHTERS
(Robin: I'm Robin Roberts. Surmounting obstacles on both sides of the Atlantic, the Harlem Hellfighters made their mark fighting for the U.S. in World War I, and I'll present clues about a new series I've executive produced.)
    $200 22
"Jump"

Robbi
    $200 30
a camel

Juveria
    $200 27
(Alec: What is the University of Houston?)

Rice

Alec
Triple Stumper
    $200 29
(Juveria: What's barbed wire?)
...
(Ken: [To Juveria] I like that better, [*], in fact.)

a chain link fence

Juveria
Triple Stumper
    $200 28
Ahem!

Robbi
    $200 26
(Ken: The Harlem Hellfighters debuts this Sunday on History Channel.)

the National Guard

Triple Stumper
    $400 7
Gene Simmons

Alec
    $400 21
marsupial

Juveria
    $400 9
Northwestern

Juveria
    $400 24
a bicycle

Juveria
    $400 23
Yeah!

Robbi
    $400 25
jazz

Alec
    $600 6
David Lee Roth

Juveria
    $600 8
sweat glands

Alec
    $1,000 4
(Juveria: What is the University of North Carolina?)
(Ken: No, I'm sorry, this is South Carolina, it's [*].)

Clemson University

Juveria
    $600 19
(Ken: Going back to my high school dances--what is [*]?)

Erasure

Triple Stumper
    $600 20
Uh-oh!

Juveria
    $600 14
(Alec: What is the Allied Expeditionary Force?)

the American Expeditionary Force

JuveriaAlec
    $800 5
M&M's

Juveria
    $800 11
a (tiger) shark

Juveria
    $800 1
the Tuskegee Institute

Alec
    $800 16
Columbus

Alec
    $800 18
Gosh!

Robbi
    $800 13
Jim Crow

Juveria
    $1000 3
"Eruption"

Juveria
    $1000 10
Death Valley

Juveria
    $1000 2
(Juveria: Uh, who is, um, Morse?)

Creighton University

Juveria
Triple Stumper
    $1000 15
Patrick Henry

Juveria
    $1000 17
(Alec: What is oh, gosh?)

Egad!

Alec
Triple Stumper
    $1000 12
Pershing

Juveria

Scores at the first commercial break (after clue 15):

Juveria Alec Robbi
$6,000 $1,200 $0

Scores at the end of the Jeopardy! Round:

Juveria Alec Robbi
$7,400 $1,200 $1,600

Double Jeopardy! Round responses

POPE FICTION
FIRST NAME'S THE SAME
TELEVISION
ENGINEERING
AROUND THE WORLD
STARTS WITH SOFT "G"
    $400 28
(Ken: That's [*], one of the pope's titles.)

Vicar of Christ

Triple Stumper
    $400 29
Carson

Juveria
    $400 25
Dancing with the Stars

Alec
    $400 27
(Ken: Through [*], fiber optics.)

glass

Triple Stumper
    $400 30
Switzerland

Alec
    $400 26
geometry

Robbi
    $4,600 24
the White Smoke

Robbi
    $800 23
François

Robbi
    $800 21
Abbott Elementary

Alec
    $800 22
concrete

Juveria
    $800 10
(Juveria: What is Lisbon?)
(Alec: What is Madrid?)
(Robbi: What is Athens?)

Toledo

JuveriaAlecRobbi
Triple Stumper
    $800 20
(Alec: Who is [*]?)
(Ken: No, yes, we'll take that--[**].)

Gen X (Generation X)

Alec
    $1200 1
Angels and Demons

Juveria
    $1200 12
Anthony

Juveria
    $1200 9
Luther

Juveria
    $1200 14
the gear ratio

Robbi
    $1200 4
Julian

Robbi
    $1200 17
gist

Robbi
    $1600 7
Pope Joan

Juveria
    $1600 11
Mickey

Juveria
    $1600 6
Who's the Boss?

Juveria
    $1600 16
Georgia Tech

Alec
    $1600 2
an enclave

Alec
    $8,400 18
(Robbi: I am in the game.)

ginseng

Robbi
    $2000 8
(Ken: Yes, A Clockwork Orange.)

Anthony Burgess

Robbi
    $2000 13
Claude

Triple Stumper
    $2000 5
Dark Shadows

Robbi
    $2000 15
permeability

Alec
    $2000 3
Chile

Juveria
    $2000 19
the gentry

Alec

Scores at the end of the Double Jeopardy! Round:

Juveria Alec Robbi
$18,200 $10,000 $22,600

[wagering suggestions for these scores]

Final Jeopardy! Round responses

NAMES IN HISTORY
(Ken: [To Alec] In addition to trying to bring back breadfruit from the South Pacific, he tried to bring back ackee fruit from Jamaica.)
AlecWho is Bligh? Happy Bday Dad
$10,000
JuveriaWho is Bligh? Love you Hana + Zara ♡
$7,000
RobbiWho is Cook
$14,000
Captain Bligh

Final scores:

Juveria Alec Robbi
$25,200 $20,000 $8,600
Finalist 2nd place: $10,000 3rd place: $10,000

Game dynamics:

Coryat scores:

Juveria Alec Robbi
$19,200 $10,000 $12,000
23 R,
4 W
(including 1 DD)
13 R,
4 W
13 R
(including 2 DDs),
1 W

Combined Coryat: $41,200

[game clues] [game scores] [suggest correction]

Game tape date: 2024-01-05
The J! Archive is created by fans, for fans. Scraping, republication, monetization, and malicious use prohibited; this site may use cookies and collect identifying information. See terms. The Jeopardy! game show and all elements thereof, including but not limited to copyright and trademark thereto, are the property of Jeopardy Productions, Inc. and are protected under law. This website is not affiliated with, sponsored by, or operated by Jeopardy Productions, Inc. Join the discussion at JBoard.tv.